ბათუმის შოთა რუსთაველის სახელმწიფო უნივერსიტეტის ბიბლიოთეკა

ღმერთის დელუზია = The God Delusion / (ბიბ.ჩანაწერი № 63081)

000 -ლიდერი
ფიქსირებული სიგრძის საკონტროლო ველი 01093nam a22002177a 4500
003 - საკონტროლო ნომრის იდენტიფიკატორი
საკონტროლო ველი Ge_BSU
005 - ბოლო ოპერაციის თარიღი და დრო
საკონტროლო ველი 20250530114410.0
008 - ფიქსირებული სიგრძის მონაცემთა ელემენტები - ზოგადი ინფორმაცია
ფიქსირებული სიგრძის საკონტროლო ველი 250530s2024 ge ||||| |||| 00| 0 geo d
020 ## - წიგნის საერთაშორისო სტანდარტული ნომერი
International Standard Book Number 9789941865992
041 ## - ენის კოდი
Language code of text/sound track or separate title geo
080 ## - უნივერსალური ათობითი კლასიფიკაციის ინდექსი
Universal Decimal Classification number 141.45 დ-70
100 ## - მთავარი ჩანაწერი - პიროვნების სახელი
Personal name დოკინსი, რიჩარდ
9 (RLIN) 25185
245 ## - ცნობა სათაურის შესახებ
Title ღმერთის დელუზია = The God Delusion /
Statement of responsibility, etc რიჩარდ დოკინსი; მთარგმნელი მამუკა ჩახვაშვილი; სამეცნიერო რედაქტორი კახა მჭედლიშვილი.
264 ## - წარმოების, გამოცემის, დისტრიბუციის და სხვა ცნობები
გამოცემის, წარმოების, დისტრიბუციის... ადგილი თბილისი :
გამოცემის, წარმოების, დისტრიბუციის... სახელწოდება აქტი,
გამოცემის, წარმოების, დისტრიბუციის... თარიღი 2024.
300 ## - ფიზიკური აღწერა
Extent 540 გვ. ;
Other physical details 20 სმ.
504 ## - BIBLIOGRAPHY, ETC. NOTE
Bibliography, etc ბიბლიოგრაფია: გვ. 522-531.
653 ## - INDEX TERM--UNCONTROLLED
Uncontrolled term ათეიზმი
700 ## - ADDED ENTRY--PERSONAL NAME
Personal name ჩახვაშვილი, მამუკა
Relator term მთარგმნელი
9 (RLIN) 25186
700 ## - ADDED ENTRY--PERSONAL NAME
Personal name მჭედლიშვილი, კახა
Relator term სამეცნიერო რედაქტორი
9 (RLIN) 25187
942 ## - ADDED ENTRY ELEMENTS (KOHA)
Source of classification or shelving scheme
Koha item type წიგნი
ეგზემპლარები
ჩამოწერის სტატუსი დაკარგული ეგზემპლარის სტატუსი კლასიფიკაციის წყარო ან თაროზე გაწყობის სქემა დაზიანების სტატუსი არ გაიცემა მუდმივი მდებარეობა (დაცვის ადგილი) ამჟამინდელი ადგილსამყოფელი თაროზე განთავსების ადგილი შეძენის თარიღი ღირებულება, შესყიდვის ნორმალური ფასი სრული შენახვის შიფრი შტრიხკოდი ბოლო ოპერაციის თარიღი ეგზემპლარის მიმდევრობითი ნომერი (კეტერი?) ფასის ძალაში შესვლის თარიღი ეგზემპლარის სახეობა საჯარო შენიშვნა
          ბათუმის შოთა რუსთაველის სახელმწიფო უნივერსიტეტის მთავარი ბიბლიოთეკა ბათუმის შოთა რუსთაველის სახელმწიფო უნივერსიტეტის მთავარი ბიბლიოთეკა წიგნსაცავი 2025-05-30 41.40 141.45 დ-70 71596 2025-05-30 71596 2025-05-30 წიგნი 41 ლ. 40 თ.